Discourse on colonialism / (Record no. 177294)

MARC details
000 -LEADER
fixed length control field 00675nam a22001937a 4500
005 - DATE AND TIME OF LATEST TRANSACTION
control field 20210217164014.0
010 ## - LCCN (DPL NO)
LC control number B-736915
020 ## - INTERNATIONAL STANDARD BOOK NUMBER
International Standard Book Number 9789350020517
Terms of availability 150.00
035 ## - SYSTEM CONTROL NUMBER
System control number B-736915
037 ## - SOURCE OF ACQUISITION
Source of stock number/acquisition Gift/Eng/03-02-2021
082 ## - DEWEY DECIMAL CLASSIFICATION NUMBER
Classification number 325.3
100 ## - MAIN ENTRY--PERSONAL NAME
Personal name Cesaire, Aime
245 ## - TITLE STATEMENT
Title Discourse on colonialism /
Statement of responsibility, etc by Aime Cesaire ; translated by Joan Pinkham
260 ## - PUBLICATION, DISTRIBUTION, ETC. (IMPRINT)
Place of publication, distribution, etc Delhi
Name of publisher, distributor, etc Aakar Books
Date of publication, distribution, etc 2010
270 ## - ADDRESS
Address 28E Pocket IV, Mayur Vihar, Phase I
City Delhi
Postal code 110091
300 v# - PHYSICAL DESCRIPTION
Extent 102p.
Dimensions 21cm(pbk)
942 ## - ADDED ENTRY ELEMENTS (KOHA)
Source of classification or shelving scheme Dewey Decimal Classification
Item type English Books
Call number suffix CES
Classification part 325.3
Holdings
Withdrawn status Lost status Not for loan Collection code Home library Current library Date acquired Source of acquisition Cost, normal purchase price Full call number Barcode Copy number Cost, replacement price Koha item type
      Non-fiction Central Library Central Library 17/02/2021 Gift/Eng/03-02-2021 150.00 325.3 CES B-736915 1 150.00 English Books

© Delhi Public Library
Hit Counter
free hit counter